| 000 | 03170cam a22002891i 4500 | ||
|---|---|---|---|
| 003 | SA-RiAUC | ||
| 005 | 20250706124923.0 | ||
| 008 | 250703s1987 ua f 00000 ara c | ||
| 040 |
_aSA-RiAUC _bara _cSA-RiAUC _erda |
||
| 082 | 0 | 4 |
_a251.14 _qSA-RiAUC |
| 090 |
_a251.14 _bع م ر |
||
| 100 | 1 |
_aالعمري، نادية محمد شريف _eمؤلف. |
|
| 245 | 1 | 0 |
_aنشأة القياس الأصولي وتطوره : _bدراسة في علم أصول الفقه / _cنادية محمد شريف العمري. |
| 250 | _aالطبعة الأولى. | ||
| 264 | 1 |
_aالقاهرة : _bدار هجر للطباعة والنشر والتوزيع والإعلان، _c1987 |
|
| 300 |
_a120 صفحة ؛ _c24 سم |
||
| 336 |
_aنص _btxt _2rdacontent _3كتاب |
||
| 337 |
_aبدون وسيط _bn _2rdamedia |
||
| 338 |
_aمجلد _bnc _2rdacarrier |
||
| 505 | _aالمحتويات : الخطة –منزلة الرأي في عهد النبوة : معنى الرأي في اللغة -المبحث الأول : مصادر التشريع في عهد الرسول صلى الله عليه وسلم : المصدر الأول : كتاب الله : المصدر الثاني : السنة المطهرة : كيف تستخرج أحاديث الأحكام : كتب أحاديث الأحكام -المبحث الثاني : فتح منافذ الاجتهاد في عهد رسول الله صلى الله عليه وسلم : مكانة العقل في الإسلام : إيراد الأمثال في كتاب الله : التوجيه النبوي لاعتبار المقايسة فيما لا نص فيه : ضرب الأمثال : إبراز حكمة أرأيت -المبحث الثالث : ربط الأحكام بأوصافها : أمثلة من تعليل الأحكام في كتاب الله تعالى : أمثلة من تعليل الأحكام في السنة المطهرة : تعليل الصحابة للأحكام -المبحث الرابع : الغاية من تعليل الأحكام : الغاية من التوجيه للقياس : نماذج من اجتهادات الرسول صلى الله عليه وسلم بالرأي : نماذج من أقيسة الرسول صلى الله عليه وسلم -المبحث الخامس : حديث معاذ بن جبل : إقرار الرسول عليه الصلاة والسلام لمعاذ : حديث المثوبة على الاجتهاد بالرأي –المبحث السادس : اجتهاد الصحابة في عهد رسول الله صلى الله عليه وسلم : اجتهاد الصحابة بالرأي في حضرة الرسول صلى الله عليه وسلم : اجتهاد الصحابة بالرأي في غيبتهم عن رسول الله صلى الله عليه وسلم -المبحث السابع : القياس لدى الصحابة –الخاتمة. | ||
| 650 | 7 |
_aأصول الفقه الإسلامي _2aucsh |
|
| 650 | 7 |
_aالقياس (أصول فقه) _2aucsh |
|
| 650 | 7 |
_aالشريعة الإسلامية _2aucsh |
|
| 856 |
_uhttp://catalog.library.ksu.edu.sa/toc/3332770.pdf _yقائمة المحتويات |
||
| 942 |
_2ddc _cBOOK _n0 |
||
| 949 |
_aSA-JeALM _d250703 _umohamedma123 _n1 |
||
| 999 |
_c9547 _d9547 |
||